000 00890nam a2200241 a 4500
999 _c12253
_d12253
001 12253
003 BD-JhCC
005 20210901094344.0
008 210901b2019 bg a|||| ||a| 001 0 Ben d
020 _a9847000003959
035 _a(BD-JhCC)12253
040 _aBD-JhCC
_dBD-JhCC
041 _abengali
082 _a320.092
_bRAH 2019
100 _aরহমান,এস এম মোস্তাফিজুর
245 _aনওয়াব সলিমুল্লাহ সমাজ ও রাজনীতি /
_cএস এম মোস্তাফিজুর রহমান ।
260 _aঢাকা:
_bজাতীয় সাহিত্য প্রকাশ;
_c২০১৯.
300 _a416 p. :
_bill;
_c23 cm.
600 _aSalimulah ,Nawab of dhaka
_d1871-1915
650 _aMuslims -- Political Activities
_zIndo-- Bangla
942 _2ddc
_cBK